000 00446nam a2200157Ia 4500
008 240729s9999 xx 000 0 und d
022 _a2084-3577
245 0 _aJournal of Biology and Earth Sciences
260 _aPoland
260 _bTMKarpinski Publisher, Tomasz M. Karpiński
650 _a Biology (General)
650 _aScience
856 _uhttps://doaj.org/toc/150cfdb8a9f84b6da4b64d8dd61f3130
942 _2ddc
942 _cDOAJEJ
999 _c66200
_d66200
945 _a1
_bMadushi Gamage
_c1
_dMadushi Gamage